000 00468nam a22001817a 4500
003 CEME
005 20210628202849.0
008 210126b xxu||||| |||| 00| 0 eng d
020 _a81-7808-671-9
040 _c.
082 _a658.4034 RAR
100 _aRardin, Ronald L
_962018
245 _aOptimization in operations research
260 _aNEW DELHI
_bPEARSON EDUCATION
_c2005
300 _aXVI,919 P
650 _aOPERATIONS RESEARCH
_97262
942 _cBK
_2ddc
999 _c571265
_d571265